Hiszpańskie wspólnoty autonomiczne - Statystyki

Ogólne statystyki
  • Ten quiz został rozwiązany 21 razy
  • Średni wynik to 12 z 17
Statystyki odpowiedzi
Wspólnoty autonomiczne % Poprawnych
Katalonia
100%
Andaluzja
93%
Kraj Basków
93%
Wyspy Kanaryjskie
93%
Galicja
87%
Madryt
87%
Baleary
80%
Aragonia
73%
Murcja
73%
Nawarra
73%
Walencja
73%
Asturia
47%
Kastylia i Leon
47%
Kantabria
40%
La Rioja
40%
Kastylia-La Mancha
33%
Estremadura
27%
Nie znaleziono quizów pasujących do podanych kryteriów
Rozkład punktacji
Procent ludzi z każdym wynikiem
Percentyl według liczby udzielonych odpowiedzi
Twoja historia wyników
Nie rozwiązałeś tego quizu